Aprovechamiento de la infraestructura tecnológica disponible en BANPRO para optimizar la administración y manejo de la información compartida entre las diferentes áreas del banco.
Se realiza un estudio, el cual sirva a BANPRO para facilitar la toma de decisión en la implementación de medios alternos para la administración y manejo de la información compartida entre las distintas áreas del banco, analizar el proceso actual de publicación y administración de la informaci...
| Main Author: | |
|---|---|
| Other Authors: | |
| Format: | Tesis Section = Libro |
| Language: | Undetermined Spanish |
| Published: |
Managua
UNI
2006
|
| Subjects: |
| LEADER | 01422nam a2200289Ia 4500 | ||
|---|---|---|---|
| 008 | 240830s9999 xx 000 0 und d | ||
| 040 | |a BIBLIOTECA-RUSB/ Mon 004 B685 | ||
| 041 | |a spa | ||
| 082 | |a Mon 004 B685 | ||
| 100 | 1 | |a Bojorge Sequeira, Walter M | |
| 245 | 1 | 0 | |a Aprovechamiento de la infraestructura tecnológica disponible en BANPRO para optimizar la administración y manejo de la información compartida entre las diferentes áreas del banco. |
| 260 | |a Managua |b UNI |c 2006 | ||
| 300 | |a 84 p. :il. | ||
| 500 | |a Contiene: anexos. | ||
| 502 | |a Tesis (Ingeniero Eléctrico) - UNI, 2006. | ||
| 520 | 3 | |a Se realiza un estudio, el cual sirva a BANPRO para facilitar la toma de decisión en la implementación de medios alternos para la administración y manejo de la información compartida entre las distintas áreas del banco, analizar el proceso actual de publicación y administración de la información en BANPRO, analizar y determinar si la actual situación técnica-tecnológica del BANPRO, cumple con los pre-requisitos de implementación de la nueva tecnología. | |
| 650 | 7 | |a REDES DE COMPUTADORAS | |
| 650 | 7 | |b PAGINAS WEB | |
| 650 | 7 | |c INFORMATICA | |
| 650 | 7 | |d INTERNET | |
| 650 | 7 | |e DESARROLLO DE SOFTWARE | |
| 650 | 7 | |f BASES DE DATOS | |
| 650 | 7 | |g REDES | |
| 700 | 1 | |a Tutor: |b Guillén Navarrete, Héctor Reynaldo | |
| 942 | |c BK |2 ddc | ||
| 991 | |a TESIS | ||
| 999 | |c 19594 | ||